| 000 | 00756pam a2200253 4500 | ||
|---|---|---|---|
| 001 | 11952 | ||
| 003 | BD-RjUL | ||
| 005 | 20211208235217.0 | ||
| 008 | 140127s1973 maua b 001 0 eng d | ||
| 020 | _a0201004062, 0201004070 (pbk.) | ||
| 035 | _a(BD-RjUL)12001 | ||
| 040 |
_aDLC _cDLC _dDLC _d(BD-RjUL) _beng |
||
| 041 | _aeng | ||
| 082 | 0 | 0 |
_a574.133 _bBAE |
| 100 | 1 |
_aBall, Eric G. _q(Eric Glendinning), _d1904-1979. _937060 |
|
| 245 | 1 | 0 |
_aEnergy metabolism / _c[by] Eric G. Ball. |
| 260 |
_aReading, Mass. : _bAddison-Wesley Pub. Co., _c1973. |
||
| 300 |
_axi, 84 p. : _billus. ; _c25 cm. |
||
| 504 | _aIncludes Bibliography and Index | ||
| 650 | 0 |
_aEnergy metabolism. _937061 |
|
| 942 |
_2ddc _cBK |
||
| 999 |
_c11952 _d11952 |
||